Library Banner

Medical Physics : (Record no. 113245)

MARC details
000 -LEADER
fixed length control field 00488nam a22001577a 4500
005 - DATE AND TIME OF LATEST TRANSACTION
control field 20190720101443.0
008 - FIXED-LENGTH DATA ELEMENTS--GENERAL INFORMATION
fixed length control field 190720b ||||| |||| 00| 0 eng d
020 ## - INTERNATIONAL STANDARD BOOK NUMBER
International Standard Book Number 9783110306750
040 ## - CATALOGING SOURCE
Transcribing agency PK-LaUMT
082 ## - DEWEY DECIMAL CLASSIFICATION NUMBER
Classification number 610.153
Item number WOR-M
100 ## - MAIN ENTRY--PERSONAL NAME
Personal name Worthoff, Wieland Alexander
245 ## - TITLE STATEMENT
Title Medical Physics :
Remainder of title exercises and examples /
Statement of responsibility, etc by Wieland Alexander Worthoff, Hans Geroge Krojanski and Dieter Sulter
260 ## - PUBLICATION, DISTRIBUTION, ETC. (IMPRINT)
Place of publication, distribution, etc Boston :
Name of publisher, distributor, etc De Gruyter,
Date of publication, distribution, etc 2014
300 ## - PHYSICAL DESCRIPTION
Extent 217 p.
942 ## - ADDED ENTRY ELEMENTS (KOHA)
Koha item type Books
Holdings
Withdrawn status Lost status Damaged status Home library Current library Date acquired Full call number Barcode Date last seen Price effective from Koha item type
      UMT Main Campus UMT Main Campus 2019-07-20 610.153 WOR-M 130880 2025-10-28 2019-07-20 Books